[Event "Mechanics' Whitehead TNM; 30/90, SD/30"]
[Site "San Francisco"]
[Date "2014.08.05"]
[Round "1.11"]
[White "Louie, Henry"]
[Black "Traub, Igor"]
[Result "0-1"]
[WhiteElo "1509"]
[BlackElo "2078"]
[PlyCount "92"]
[EventDate "2014.??.??"]

1. e4 d6 2. d4 g6 3. Nf3 Bg7 4. Nc3 Nf6 5. Bc4 O-O 6. O-O h6 7. Bb3 Nbd7 8. Re1
e5 9. a4 Re8 10. Ra3 exd4 11. Nxd4 Nc5 12. f3 Nxb3 13. Rxb3 a6 14. Nde2 Nh5 15.
Nf4 Nf6 16. Ncd5 Nd7 17. Kh1 c6 18. Nb4 Nb6 19. Rd3 a5 20. Na2 Nxa4 21. Rxd6
Qc7 22. g3 Nxb2 23. Bxb2 Bxb2 24. c3 Ba3 25. Rd3 Bf8 26. Qb3 a4 27. Qc4 b5 28.
Qd4 Bg7 29. Qc5 Bf8 30. Qe3 Be6 31. Nxe6 Rxe6 32. Red1 c5 33. Rd7 Qe5 34. R1d5
Qb8 35. Qd2 Qe8 36. Rd8 Rxd8 37. Rxd8 Qc6 38. Qxh6 Re8 39. Rxe8 Qxe8 40. Qd2
Qe6 41. Nc1 b4 42. cxb4 cxb4 43. Nd3 Qc4 44. Kg2 b3 45. Ne5 Qc2 46. Qxc2 bxc2
0-1

[Event "Mechanics' SummerTNM; 30/90, SD/30"]
[Site "San Francisco"]
[Date "2014.07.08"]
[Round "7.32"]
[White "MacIntyre, Brendan"]
[Black "Cole, Tony"]
[Result "1-0"]
[WhiteElo "1723"]
[BlackElo "1400"]
[PlyCount "81"]
[EventDate "2014.??.??"]

1. d4 d5 2. c4 Nf6 3. e3 Nc6 4. Nf3 Bg4 5. Nc3 e6 6. h3 Bxf3 7. Qxf3 Bb4 8. Bd3
dxc4 9. Bxc4 Nd5 10. Bd2 Nb6 11. Bb3 Qd7 12. Ne4 Bxd2+ 13. Nxd2 O-O 14. O-O e5
15. d5 Na5 16. e4 c6 17. Rad1 cxd5 18. exd5 Rad8 19. Ne4 Nxb3 20. Qxb3 f5 21.
Nc5 Qf7 22. Ne6 Rxd5 23. Nxf8 Kxf8 24. Qb4+ Kg8 25. Rfe1 h6 26. Rxd5 Qxd5 27.
Qc3 e4 28. f3 Qxa2 29. fxe4 fxe4 30. Rxe4 Qb1+ 31. Re1 Qf5 32. Qg3 Kh7 33. Rf1
Qc5+ 34. Kh1 a5 35. Qd3+ Kg8 36. Re1 Qc6 37. Qg3 Kh7 38. h4 Nd7 39. h5 Nf6 40.
Qg6+ Kg8 41. Re7 1-0

[Event "Mechanics' Winter TNM; 30/90, SD/30"]
[Site "San Francisco"]
[Date "2014.02.11"]
[Round "6.19"]
[White "MacIntyre, Brendan"]
[Black "McKellar, Daniel"]
[Result "1-0"]
[WhiteElo "1688"]
[BlackElo "1343"]
[PlyCount "99"]
[EventDate "2014.??.??"]

1. d4 d5 2. c4 c6 3. Nc3 Nf6 4. e3 e6 5. Nf3 Nbd7 6. Bd3 dxc4 7. Bxc4 b5 8. Bd3
Bb7 9. O-O a6 10. Re1 c5 11. dxc5 Nxc5 12. Bc2 b4 13. Qxd8+ Rxd8 14. Ne2 Bxf3
15. gxf3 Be7 16. Nd4 Rc8 17. Bd2 e5 18. Nf5 Ne6 19. Ba4+ Kf8 20. Nxe7 Kxe7 21.
Bxb4+ Kd8 22. Ba5+ Ke7 23. Red1 Rc4 24. b3 Rc2 25. b4 Rc4 26. Bb3 Rc6 27. a4
Rhc8 28. b5 axb5 29. axb5 Rd6 30. Bb4 Nc5 31. Rxd6 Kxd6 32. Bxf7 Nfd7 33. e4
Rf8 34. Bh5 Kc7 35. Bg4 Rb8 36. Ra7+ Rb7 37. Rxb7+ Kxb7 38. Bxd7 Nxd7 39. Kg2
Kb6 40. Kg3 Kxb5 41. Be7 h5 42. f4 Kc4 43. Bd6 Kd4 44. f3 exf4+ 45. Kxf4 Nf6
46. Be5+ Kd3 47. Bxf6 gxf6 48. Kf5 Ke3 49. Kxf6 Kxf3 50. e5 1-0

[Event "Mechanics' SummerTNM; 30/90, SD/30"]
[Site "San Francisco"]
[Date "2014.06.10"]
[Round "3.28"]
[White "MacIntyre, Brendan"]
[Black "Reyes, Robert"]
[Result "0-1"]
[WhiteElo "1723"]
[BlackElo "1383"]
[Annotator "Donaldson"]
[PlyCount "42"]
[EventDate "2014.??.??"]

1. d4 Nf6 2. c4 e6 3. Nc3 Bb4 4. Bd2 O-O 5. Nf3 b6 6. g3 Bb7 7. Bg2 d6 8. O-O
Nbd7 9. Qc2 Bxc3 (9... c5) (9... Qe7) 10. Bxc3 Be4 11. Qd2 Bb7 (11... c5) (
11... d5) (11... Qe7) 12. Rfe1 (12. Qc2) 12... Ne4 13. d5 (13. Qc2) 13... Nxd2
14. Nxd2 Qc8 15. e4 Ne5 16. Bxe5 dxe5 17. Nf3 Re8 18. Rac1 Qd7 19. Red1 Rac8
20. h4 h6 21. Kh2 Qa4 0-1

[Event "Mechanics' SummerTNM; 30/90, SD/30"]
[Site "San Francisco"]
[Date "2014.06.17"]
[Round "4.34"]
[White "MacIntyre, Brendan"]
[Black "Simpkins, Jerry"]
[Result "0-1"]
[WhiteElo "1723"]
[BlackElo "1478"]
[Annotator "Donaldson"]
[PlyCount "62"]
[EventDate "2014.??.??"]

1. d4 d5 2. c4 e6 3. Nc3 Nf6 4. e3 c6 5. Nf3 Bd6 6. Bd3 Nbd7 7. O-O Ng4 8. h3
h5 9. Be2 Qc7 10. Bd2 Nh2 11. c5 Nxf3+ 12. Bxf3 Be7 13. e4 Nf6 14. e5 Nh7 15.
Bxh5 Ng5 16. Bxg5 Bxg5 17. f4 Bh4 18. Rc1 Qe7 19. Bg4 g5 20. f5 exf5 21. Bxf5
Bxf5 22. Rxf5 O-O-O 23. Qg4 Kb8 24. Rf6 Qd7 25. Qf3 Rdf8 26. Qe2 g4 27. Rd6 Qf5
28. Rf1 Qg5 29. hxg4 $4 (29. Qxg4 $11) 29... Bg3 30. Rf5 {Diagram #} Rh1+ 31.
Kxh1 Qh4+ 0-1

[Event "Mechanics' Spring TNM; 30/90, SD/30"]
[Site "San Francisco"]
[Date "2014.04.22"]
[Round "6.22"]
[White "MacIntyre, Brendan"]
[Black "Vichik, Adam"]
[Result "1-0"]
[WhiteElo "1688"]
[BlackElo "1482"]
[Annotator "Donaldson"]
[PlyCount "35"]
[EventDate "2014.??.??"]

1. d4 e6 2. c4 d5 3. e3 Nf6 4. Nc3 c6 (4... c5) 5. Nf3 Nbd7 6. Bd3 Bd6 (6...
dxc4 7. Bxc4 b5 8. Bd3) 7. O-O (7. e4 $1 dxe4 (7... dxc4 8. Bxc4 e5 9. dxe5
Nxe5 10. Nxe5 Bxe5 11. Qxd8+ Kxd8 12. Bxf7 Bxc3+ 13. bxc3 Nxe4 14. O-O $16) 8.
Nxe4 Nxe4 9. Bxe4 O-O 10. O-O e5 11. dxe5 Nxe5 12. Nxe5 Bxe5 13. Bxh7+ Kxh7 14.
Qh5+ Kg8 15. Qxe5 $16) 7... O-O 8. Re1 (8. e4 dxe4 (8... dxc4 9. Bxc4 e5) 9.
Nxe4) 8... dxc4 9. Bxc4 e5 10. e4 Qc7 (10... exd4 11. Nxd4 (11. Qxd4 Bc5 12.
Qd1 Ng4) 11... Qc7 12. h3 Rd8) 11. h3 Rd8 12. Bg5 h6 13. Bh4 exd4 14. Nxd4 {
Diagram #} (14. Qxd4) 14... Nb6 (14... g5 $1 15. Bg3 Bxg3 16. fxg3 Ne5 17. Bb3
Qb6 18. Nce2 c5 $19) 15. Bxf6 {Diagram #} Nxc4 $4 (15... gxf6 16. Bb3 (16. Qb3
Bh2+ 17. Kh1 Rxd4) (16. Qd3 Be5 17. Nce2 Qd6 18. Rad1 Nxc4 19. Qxc4 c5) 16...
Be5) 16. Bxd8 Qxd8 17. Qe2 Nb6 18. Rad1 1-0

[Event "Mechanics' Spring TNM; 30/90, SD/30"]
[Site "San Francisco"]
[Date "2014.04.29"]
[Round "7.19"]
[White "MacIntyre, Brendan"]
[Black "Yamamoto, Craig"]
[Result "0-1"]
[WhiteElo "1688"]
[BlackElo "1500"]
[PlyCount "82"]
[EventDate "2014.??.??"]

1. d4 Nf6 2. c4 e6 3. Nc3 d5 4. e3 Be7 5. Nf3 O-O 6. Bd3 a6 7. O-O dxc4 8. Bxc4
b5 9. Bd3 Bb7 10. Ng5 c5 11. dxc5 Bxc5 12. Nge4 Be7 13. Nxf6+ Bxf6 14. Qc2 g6
15. Ne4 Bg7 16. Bd2 Nd7 17. Bc3 Ne5 18. Be2 Rc8 (18... b4 $19) 19. Rad1 Bd5 20.
Qb1 Qh4 21. Ng3 Ng4 22. h3 Nxf2 23. Rxf2 Bxc3 24. Nf5 gxf5 25. bxc3 Rxc3 26.
Rxd5 exd5 27. Qxf5 Rc1+ 28. Kh2 Qe7 29. Rf3 f6 30. Qxd5+ Kh8 31. Rg3 Qe5 32.
Qd7 Rg8 33. Bg4 h5 34. h4 hxg4 35. Qf7 Rg7 36. Qf8+ Kh7 37. Qd8 Rgc7 38. Qd3+
Kh6 39. Qe2 f5 40. Qd2 R1c2 41. Qd8 Kh7 0-1

[Event "Mechanics' Spring TNM; 30/90, SD/30"]
[Site "San Francisco"]
[Date "2014.04.01"]
[Round "3.22"]
[White "Macintire, Brendan"]
[Black "Gomboluudev, Enkhjin"]
[Result "0-1"]
[WhiteElo "1688"]
[BlackElo "1265"]
[Annotator "Donaldson"]
[PlyCount "74"]
[EventDate "2014.??.??"]

1. d4 d5 2. c4 c6 3. Nc3 Nf6 4. e3 e6 5. Nf3 Nbd7 6. Bd3 dxc4 7. Bxc4 b5 8. Bd3
Bb7 9. O-O a6 10. e4 c5 11. e5 Nd5 12. Nxd5 Bxd5 13. Re1 c4 (13... Be7) 14. Be2
(14. Bc2) 14... Be7 15. Bd2 O-O 16. b3 Rc8 17. bxc4 Bxc4 18. a4 Qb6 19. axb5
axb5 20. Ba5 Qb7 21. Rb1 Qd5 22. Bxc4 bxc4 23. Qa4 Ra8 24. Ra1 c3 ({or} 24...
Bd8 {Both moves win.}) 25. Qa2 Qxa2 26. Rxa2 c2 27. Raa1 Rfc8 28. Rec1 Nb6 $1
29. Ne1 {Diagram #} Bb4 $1 30. Rxc2 Rxc2 31. Nxc2 Bxa5 32. f4 Bd2 33. Rb1 Nd5
34. g3 h6 35. Kf1 Ra2 36. Rb8+ Kh7 37. Rc8 Bc3 0-1

[Event "Mechanics' Spring TNM; 30/90, SD/30"]
[Site "San Francisco"]
[Date "2014.03.18"]
[Round "1.26"]
[White "Macintire, Brendan"]
[Black "Rothman, Ivan"]
[Result "0-1"]
[WhiteElo "1688"]
[BlackElo "1466"]
[PlyCount "62"]
[EventDate "2014.??.??"]

1. d4 d5 2. c4 e6 3. Nc3 Nf6 4. e3 Be7 5. Nf3 O-O 6. Bd3 c5 7. O-O Nc6 8. a3 b6
9. cxd5 exd5 10. dxc5 bxc5 11. b3 d4 12. exd4 cxd4 13. Ne2 a6 14. Nexd4 Nxd4
15. Nxd4 Bc5 16. Bb2 Bg4 17. Ne2 Bxe2 18. Qxe2 a5 19. Qf3 Bd4 20. Rad1 Bxb2 21.
Bxh7+ Nxh7 22. Rxd8 Rfxd8 23. b4 axb4 24. axb4 Rab8 25. Qb3 Bd4 26. g3 Nf6 27.
Kg2 Ne4 28. Re1 Re8 29. Rd1 Bxf2 30. Rd7 Rf8 31. Qd5 Nf6 0-1

[Event "Mechanics' Spring TNM; 30/90, SD/30"]
[Site "San Francisco"]
[Date "2014.04.29"]
[Round "7.26"]
[White "Malykin, Erica"]
[Black "Gomboluudev, Enkhjin"]
[Result "0-1"]
[WhiteElo "1580"]
[BlackElo "1265"]
[PlyCount "73"]
[EventDate "2014.??.??"]

1. e4 e5 2. Nf3 Nc6 3. Bc4 Bc5 4. d3 h6 (4... Nf6 5. Bg5 d6 6. Nc3 Be6 7. Bxe6
(7. Nd5 Bxd5 8. Bxd5 O-O) 7... fxe6) 5. Nc3 d6 6. a3 Bg4 7. h3 Bh5 8. Qe2 $2 (
8. Be3 Nd4 (8... Bxe3 9. fxe3) 9. Bxd4 Bxd4) 8... Nd4 9. Qd1 Nxf3+ 10. gxf3 Nf6
(10... Qf6 11. Nd5) (10... Qh4 $1 11. Qe2 Ne7) 11. Be3 Bb6 12. Rg1 Rg8 13. Rg3
c6 14. Qd2 Qc7 15. Ne2 O-O-O 16. f4 (16. O-O-O d5 17. Bxb6 Qxb6 $19) 16... Kb8
(16... d5 $1) 17. O-O-O exf4 18. Bxf4 Bxf2 19. Rg2 Bb6 20. Rf1 Qe7 21. Be3 Bxe3
22. Qxe3 {Diagram #} d5 $1 23. Bb3 dxe4 24. Nd4 Qc5 25. Qf4+ Ka8 26. Nf5 exd3
27. Nxh6 gxh6 28. Qxf6 Be2 29. Rf5 d2+ 30. Kb1 d1=Q+ 31. Ka2 Qxf5 32. Qxf5 Rxg2
33. Qxf7 Rg1 34. Ba4 Qa1+ 35. Kb3 Rg3+ 36. c3 Bd1+ 37. Kc4 0-1

[Event "Mechanics' Whitehead TNM; 30/90, SD/30"]
[Site "San Francisco"]
[Date "2014.09.02"]
[Round "5.32"]
[White "Malykin, Erika"]
[Black "Ebert, John"]
[Result "0-1"]
[WhiteElo "1507"]
[BlackElo "1753"]
[PlyCount "72"]
[EventDate "2014.??.??"]

1. e4 e6 2. Nf3 d5 3. exd5 exd5 4. d4 Bd6 5. Nc3 Ne7 6. Bd3 Nbc6 7. Bd2 Bg4 8.
h3 Bh5 9. Be3 f6 10. Be2 Bf7 11. Qd2 Qd7 12. Bf4 O-O-O 13. Bxd6 Qxd6 14. Nb5
Qd7 15. O-O-O g5 16. Kb1 a6 17. Na3 Bg6 18. g4 Kb8 19. Bd3 Be4 20. Be2 Ng6 21.
Rhe1 Nf4 22. Ng1 Rhe8 23. Ka1 Qd6 24. c3 Re7 25. f3 Bg6 26. Bf1 Rde8 27. Ne2
Nd3 28. Nc2 Na5 29. c4 Nxc4 30. Qc3 Nxe1 31. Nxe1 Rxe2 32. Bxe2 Rxe2 33. Nd3
Re3 34. b3 Qa3 35. Qc1 Rxd3 36. bxc4 Rxd1 0-1

[Event "Mechanics' SummerTNM; 30/90, SD/30"]
[Site "San Francisco"]
[Date "2014.07.15"]
[Round "8.31"]
[White "Malykin, Erika"]
[Black "Otterbach, Renate"]
[Result "1-0"]
[WhiteElo "1567"]
[BlackElo "994"]
[PlyCount "45"]
[EventDate "2014.??.??"]

1. e4 e6 2. Nf3 d5 3. exd5 exd5 4. d4 c5 5. Bb5+ Bd7 6. Qe2+ Qe7 7. Be3 a6 8.
Bxd7+ Nxd7 9. Nc3 Ngf6 10. O-O h6 11. h3 c4 12. Rfe1 Ne4 13. Nxd5 Qd6 14. Qxc4
Qc6 15. Qxc6 bxc6 16. Nc7+ Kd8 17. Nxa8 Kc8 18. Bf4 Nd6 19. Ne5 g5 20. Bg3 Nf6
21. Nb6+ Kc7 22. Nxf7 Rg8 23. Nc4 1-0

[Event "Mechanics' Spring TNM; 30/90, SD/30"]
[Site "San Francisco"]
[Date "2014.05.06"]
[Round "8.4"]
[White "Manvelyan, Hayk"]
[Black "Afkham-Ebrahimi, Payam"]
[Result "1-0"]
[WhiteElo "2354"]
[BlackElo "1897"]
[PlyCount "83"]
[EventDate "2014.??.??"]

1. d4 Nf6 2. c4 e6 3. Nc3 b6 4. Nf3 c5 5. d5 d6 6. e4 e5 7. Bd3 Be7 8. h3 Bd7
9. Be3 Na6 10. Qe2 Qc7 11. Nd2 O-O-O 12. a3 Rdg8 13. Nb5 Qb7 14. b4 g5 15. g3
Kb8 16. Kf1 Qc8 17. Kg2 Ne8 18. Nb3 Rg6 19. bxc5 dxc5 20. a4 Nb4 21. a5 a6 22.
Nc3 Rh6 23. h4 Rg6 24. h5 Rd6 25. axb6 Rxb6 26. Na4 Bxa4 27. Rxa4 Nxd5 28. cxd5
Rxb3 29. Bxa6 Qd7 30. Rha1 Nc7 31. Bc4 Rb7 32. d6 Qxd6 33. Bd5 Nxd5 34. Ra8+
Kc7 35. Rxh8 Qf6 36. Rxh7 Nf4+ 37. Bxf4 exf4 38. e5 Qf5 39. Rh6 g4 40. gxf4
Qxf4 41. Raa6 Qd4 42. Rac6+ 1-0

[Event "Mechanics' Spring TNM; 30/90, SD/30"]
[Site "San Francisco"]
[Date "2014.03.25"]
[Round "2.1"]
[White "Manvelyan, Hayk"]
[Black "Askin, Michael"]
[Result "1-0"]
[WhiteElo "2354"]
[BlackElo "1903"]
[PlyCount "69"]
[EventDate "2014.??.??"]

1. e4 c6 2. d4 d5 3. e5 Bf5 4. h4 h5 5. Ne2 e6 6. Ng3 Bg6 7. Be2 c5 8. c3 Nc6
9. dxc5 Bxc5 10. b4 Bf8 11. Bf4 Nge7 12. b5 Na5 13. Nxh5 Qc7 14. Rh3 Bf5 $1 15.
Rg3 (15. g4 Rxh5 16. gxf5 Rxf5 $19) 15... Ng6 16. Be3 Nc4 17. Bd4 Ncxe5 18. Nd2
f6 19. c4 Rd8 20. cxd5 Rxd5 21. Rc3 Qd6 (21... Qd7 {with ...Bb4 was winning.})
22. Be3 Nxh4 23. Nf4 {Diagram #} Nxg2+ $1 {
Inspired play by Michael who smells blood.} 24. Nxg2 Rh1+ 25. Bf1 (25. Nf1 Rd2
(25... Rxd1+ 26. Rxd1 Qb4 {winning.})) 25... Nd3+ 26. Ke2 Bg4+ $6 (26... Qe5
27. Rc8+ Kf7 {with ...Bc5 to follow would have been decisive. Ditto for}) (
26... Qd7 27. Rb1 Bd6 {intending...Be5. All Black needs to do to finish things
off is involve his king bishop in the attack.}) 27. f3 Bh5 (27... Bh3 $1 28.
Qb3 Qh2 29. Rxd3 Bxg2 30. Bf2 Bc5 31. Bxg2 Re5+ 32. Re3 Rxa1 33. Rxe5 Qxe5+ 34.
Ne4 Bxf2 35. f4 Qxf4 36. Qxe6+ Kf8 37. Nxf2 Rc1 {
intending ...Rc5 is a Stockfish line that favors Black.}) 28. Qa4 Qg3 $4 (28...
Kf7 29. Qc4 Nc5 30. Bxc5 Qe5+ {was still good for Black.}) 29. b6+ Kf7 30. Rxd3
Rxd3 31. Kxd3 axb6 32. Qf4 Qh3 33. Re1 e5 34. Qc4+ Kg6 35. Nf4+ 1-0

[Event "Mechanics' Winter TNM; 30/90, SD/30"]
[Site "San Francisco"]
[Date "2014.01.14"]
[Round "2.15"]
[White "Manvelyan, Hayk"]
[Black "Casares, Nick Jr"]
[Result "1-0"]
[WhiteElo "2357"]
[BlackElo "1600"]
[PlyCount "51"]
[EventDate "2014.??.??"]

1. e4 e5 2. f4 exf4 3. Nf3 d5 4. exd5 Qxd5 5. Nc3 Qd8 6. d4 Bd6 7. Bc4 Be6 8.
Qe2 Qe7 9. O-O Bxc4 10. Qxc4 Kf8 11. Nd5 Qd7 12. Bxf4 Bxf4 13. Nxf4 Nf6 14. Ne5
Qe8 15. Nd5 Qe6 16. Qc5+ Qd6 17. Nxc7 Qxc5 18. dxc5 Na6 19. Nxa8 Ke7 20. c6
Rxa8 21. cxb7 Re8 22. Rfe1 Kf8 23. Nc6 Nd7 24. Rxe8+ Kxe8 25. Re1+ Kf8 26. Re4
1-0

[Event "Mechanics' SummerTNM; 30/90, SD/30"]
[Site "San Francisco"]
[Date "2014.07.15"]
[Round "8.2"]
[White "Manvelyan, Hayk"]
[Black "Fuentes, Romulo"]
[Result "0-1"]
[WhiteElo "2349"]
[BlackElo "2225"]
[PlyCount "100"]
[EventDate "2014.??.??"]

1. d4 Nf6 2. c4 e5 3. dxe5 Ng4 4. Nf3 Bc5 5. e3 Nc6 6. Bd2 O-O 7. Bc3 Qe7 8.
Bd3 h6 9. Nbd2 Ngxe5 10. Bb1 d6 11. h3 a5 12. O-O Be6 13. b3 f5 14. Nd4 Bd7 15.
N2f3 Bb4 16. Bb2 a4 17. a3 Bc5 18. Nxe5 Nxe5 19. b4 Ba7 20. Qc2 c5 21. Nb5 Bb8
22. Nc3 Bc6 23. Nd5 Bxd5 24. cxd5 c4 25. Qc3 b5 26. f4 Ng6 27. Kh1 Ra7 28. Bc2
Qf7 29. e4 Ne7 30. Rad1 fxe4 31. Bxe4 Nf5 32. g4 Nh4 33. Bb1 Re8 34. f5 Re2 35.
Rfe1 Rae7 36. Rxe2 Rxe2 37. Bc1 Ba7 38. Qg3 Qe7 39. Rf1 Rf2 40. Rxf2 Qe1+ 41.
Qg1 Qxf2 42. Qxf2 Bxf2 43. Be4 Kf7 44. Bf4 Ke7 45. Kh2 Bd4 46. Kg3 (46. Bc1)
46... Bb2 47. g5 (47. Kxh4 Bxa3 48. Bd2 Bb2) 47... Nxf5+ 48. Bxf5 Bxa3 49. gxh6
gxh6 50. Bxh6 Bxb4 {remaining moves unavailable.} 0-1

[Event "Mechanics' SummerTNM; 30/90, SD/30"]
[Site "San Francisco"]
[Date "2014.06.03"]
[Round "2.1"]
[White "Manvelyan, Hayk"]
[Black "Hua, Arnold"]
[Result "1-0"]
[WhiteElo "2349"]
[BlackElo "1987"]
[PlyCount "69"]
[EventDate "2014.??.??"]

1. d4 d5 2. c4 e6 3. Nf3 Nf6 4. Nc3 Be7 5. Bf4 O-O 6. e3 c6 7. c5 b6 8. b4 bxc5
9. bxc5 Qa5 10. Qd2 Nh5 11. Bd3 Nxf4 12. exf4 Ba6 13. O-O Bxd3 14. Qxd3 Qc7 15.
g3 Nd7 16. Rab1 Rab8 17. Qa6 f6 18. Rbe1 e5 19. fxe5 fxe5 20. Nxe5 Nxe5 21.
Rxe5 Bf6 22. Re6 Bxd4 23. Ne2 Bxc5 24. Rxc6 Qe7 25. Qd3 Rbd8 26. Nf4 Bb6 27.
Ne6 Qd7 28. Nxd8 Rxd8 29. Rc2 h6 30. Kg2 Kh8 31. Re1 d4 32. Re4 Qd5 33. Rce2
Qf7 34. Re7 Qf8 35. R2e6 1-0

[Event "Mechanics' SummerTNM; 30/90, SD/30"]
[Site "San Francisco"]
[Date "2014.06.17"]
[Round "4.2"]
[White "Manvelyan, Hayk"]
[Black "Niemann, Hans"]
[Result "1/2-1/2"]
[WhiteElo "2349"]
[BlackElo "2097"]
[Annotator "Donaldson"]
[PlyCount "40"]
[EventDate "2014.??.??"]

1. c4 e5 2. Nc3 Nf6 3. g3 Nc6 4. Bg2 Bc5 5. e3 O-O (5... d5 $5) 6. Nge2 d6 7.
d4 Bb6 8. O-O Bf5 9. a3 a5 10. Na4 Ba7 11. d5 Ne7 12. b4 c6 13. Nec3 cxd5 14.
cxd5 Rc8 15. Qe2 e4 16. Qb5 axb4 17. axb4 Qc7 18. Bd2 Bd7 19. Qe2 Bg4 20. Qb5
Bd7 1/2-1/2

[Event "Mechanics' Winter TNM; 30/90, SD/30"]
[Site "San Francisco"]
[Date "2014.02.18"]
[Round "7.1"]
[White "Manvelyan, Hayk"]
[Black "Odondoo, Ganbold"]
[Result "1/2-1/2"]
[WhiteElo "2357"]
[BlackElo "2340"]
[PlyCount "49"]
[EventDate "2014.??.??"]

1. f4 d5 2. Nf3 c5 3. e3 a6 4. b3 Nf6 5. Bb2 e6 6. Be2 Be7 7. O-O O-O 8. h3 Ne4
9. Qe1 Bf6 10. Be5 Nc6 11. d3 Nd6 12. g4 Ne8 13. Bxf6 Qxf6 14. Nc3 d4 (14... b5
) 15. Ne4 Qe7 16. Ne5 Nb4 17. Bd1 f5 $6 (17... Nd5) (17... f6) 18. Ng5 Qd6 19.
e4 Qc7 $2 {Diagram #} 20. Nxh7 $1 Kxh7 21. Qh4+ Kg8 22. Ng6 Kf7 23. Ne5+ (23.
Nxf8 Kxf8 24. Qh8+ Kf7 25. gxf5 exf5 26. Bh5+ (26. Rf2 g6 27. Rg2 Be6 28. Rxg6
Ke7 29. Qh6 Bf7 30. Qg5+ Kf8 31. Rh6) 26... g6 27. Qh7+ Kf8 28. Qxg6 Qg7) (23.
g5 Rg8 24. Qh7 Nd6 25. a3 Nc6 26. Bh5 Bd7 27. Rae1 Rae8 28. exf5 Nxf5 29. Nh4+
Kf8 30. Nxf5 exf5 31. Qxf5+) (23. gxf5 exf5 24. Nxf8 Kxf8 25. Qh8+ Kf7 26. Rf2
$18 {transposes.}) 23... Kg8 24. Ng6 Kf7 25. Ne5+ 1/2-1/2

[Event "Mechanics' Winter TNM; 30/90, SD/30"]
[Site "San Francisco"]
[Date "2014.01.28"]
[Round "4.6"]
[White "Manvelyan, Hayk"]
[Black "Ostrovsky, Sergey"]
[Result "1-0"]
[WhiteElo "2357"]
[BlackElo "1885"]
[PlyCount "69"]
[EventDate "2014.??.??"]

1. Nf3 d5 2. b3 Nf6 3. Bb2 e6 4. e3 c5 5. Ne5 Be7 6. Bb5+ Nbd7 7. O-O a6 8.
Bxd7+ Bxd7 9. d3 O-O 10. Nd2 Bc6 11. Nxc6 bxc6 12. Qe2 Ne8 13. e4 Nd6 14. Rae1
d4 15. f4 Qa5 16. a4 Qc7 17. e5 Nf5 18. Nc4 Rae8 19. g4 Nh6 20. Bc1 Bh4 21. Rd1
f5 22. g5 Ng4 23. h3 Nf2 24. Rxf2 Bxf2+ 25. Qxf2 Rd8 26. Ba3 Rd5 27. a5 Rb8 28.
Nb6 Rxb6 29. axb6 Qxb6 30. Ra1 g6 31. Bc1 Rd7 32. Qe1 Ra7 33. Qa5 Qb4 34. Bd2
Qb5 35. Qd8+ 1-0

[Event "Mechanics' SummerTNM; 30/90, SD/30"]
[Site "San Francisco"]
[Date "2014.06.24"]
[Round "5.3"]
[White "Manvelyan, Hayk"]
[Black "Shaknazarov, Oleg"]
[Result "1-0"]
[WhiteElo "2349"]
[BlackElo "2193"]
[PlyCount "95"]
[EventDate "2014.??.??"]

1. d4 Nf6 2. c4 e6 3. Nc3 d5 4. Nf3 Nbd7 5. Bf4 c6 6. e3 Be7 7. c5 Nh5 8. Bd3
Nxf4 9. exf4 f5 10. O-O O-O 11. Re1 Nf6 12. Ne5 Ne4 13. Na4 Qc7 14. f3 Nf6 15.
b4 Nh5 16. g3 b6 17. Qc2 b5 18. Nb2 Bf6 19. a4 Bxe5 20. Rxe5 bxa4 21. Rxa4 Bd7
22. Ba6 Rae8 23. Nd3 g6 24. Re1 Rb8 25. Ne5 Be8 26. Rea1 Qd8 27. Qd2 Qc7 28.
Bf1 Rb7 29. Qa2 Qd8 30. Qd2 Qb8 31. Ba6 Rg7 32. Ra5 h6 33. b5 cxb5 34. c6 g5
35. fxg5 Rxg5 36. Rxb5 Qd8 37. f4 Rg7 38. Rb7 Bf7 39. Kf2 Nf6 40. Bd3 Ng4+ 41.
Nxg4 fxg4 42. Raxa7 Qd6 43. Qc2 Rc8 44. Qc5 Qd8 45. c7 Qf6 46. Rb8 Bg6 47.
Rxc8+ Kh7 48. Rf8 1-0

[Event "Mechanics' Spring TNM; 30/90, SD/30"]
[Site "San Francisco"]
[Date "2014.04.08"]
[Round "4.1"]
[White "Manvelyan, Hayk"]
[Black "Tsodikova, Natalya"]
[Result "1/2-1/2"]
[WhiteElo "2354"]
[BlackElo "2226"]
[PlyCount "100"]
[EventDate "2014.??.??"]

1. d4 Nf6 2. c4 g6 3. Nc3 Bg7 4. e4 d6 5. f3 O-O 6. Be3 c5 7. Nge2 Qa5 8. Qd2
Nc6 9. d5 Ne5 10. Ng3 a6 11. h3 Qb4 12. Nd1 Qxd2+ 13. Bxd2 b5 14. cxb5 axb5 15.
Bxb5 Ba6 16. Bxa6 Rxa6 17. Bc3 Nfd7 18. Ne2 Rfa8 19. a3 Rb8 20. Kd2 Nb6 21. Kc2
Na4 22. b3 Nxc3 23. Ndxc3 c4 24. b4 Nd3 25. Rhb1 Kf8 26. b5 Ra5 27. a4 Ke8 28.
Ra3 Kd7 29. g3 Kc7 30. Nf4 Nxf4 31. gxf4 Kb6 32. Na2 Rba8 33. Rb4 Kc5 34. b6
Rb8 35. b7 e6 36. dxe6 fxe6 37. Rb1 Kc6 38. Rb4 Rc5 39. a5 Rxb7 40. a6 Ra7 41.
Rb8 Bd4 42. Nb4+ Kc7 43. Re8 Kd7 44. Rf8 Ke7 45. Rb8 Rcc7 46. Ra4 Kd7 47. Rf8
Ke7 48. Rb8 Bc5 49. Kc3 Bxb4+ 50. Rbxb4 d5 {
Both players quit keeping score at this point.} 1/2-1/2

[Event "Mechanics' Spring TNM; 30/90, SD/30"]
[Site "San Francisco"]
[Date "2014.04.15"]
[Round "5.1"]
[White "Manvelyan, Hayk"]
[Black "Winslow, Elliott"]
[Result "0-1"]
[WhiteElo "2354"]
[BlackElo "2250"]
[PlyCount "40"]
[EventDate "2014.??.??"]

1. d4 Nf6 2. c4 e6 3. Nc3 c5 4. d5 exd5 5. cxd5 d6 6. Nf3 g6 7. Nd2 Bg7 8. Nc4
O-O 9. Bg5 Na6 10. e3 Nc7 11. a4 b6 12. Qf3 Qe7 13. Be2 Rd8 14. h4 h6 15. Bf4
Bg4 16. Qg3 Bxe2 17. Nxe2 Ne4 18. Qf3 Nxd5 19. Rd1 Nb4 20. Nxd6 Rab8 0-1

[Event "Mechanics' SummerTNM; 30/90, SD/30"]
[Site "San Francisco"]
[Date "2014.06.24"]
[Round "5.23"]
[White "Manvelyan, Hovik"]
[Black "Casares, Nick"]
[Result "1-0"]
[WhiteElo "2026"]
[BlackElo "1600"]
[PlyCount "91"]
[EventDate "2014.??.??"]

1. f4 d5 2. Nf3 Bf5 3. e3 Nf6 4. b3 e6 5. Bb2 Nbd7 6. Nc3 c6 7. Ne2 Be7 8. Ng3
Bg4 9. Be2 O-O 10. O-O h5 11. Ne5 Bxe2 12. Qxe2 h4 13. Nxd7 Qxd7 14. Nh5 Nxh5
15. Qxh5 Qd8 16. f5 Bf6 17. Bxf6 Qxf6 18. fxe6 Qxe6 19. Rf4 Qg6 20. Qxg6 fxg6
21. Rxh4 Rae8 22. Rf1 Re4 23. Rxf8+ Kxf8 24. Rxe4 dxe4 25. Kf2 Ke7 26. h4 Ke6
27. g4 c5 28. c4 Ke5 29. Ke2 a5 30. Kd1 Ke6 31. Kc2 Kd6 32. Kc3 Ke5 33. d3 exd3
34. Kxd3 b6 35. a3 Kd6 36. Ke4 Ke6 37. Kf4 Kf6 38. e4 g5+ 39. hxg5+ Ke6 40. g6
Kf6 41. e5+ Ke7 42. Ke4 Ke6 43. g5 Ke7 44. Kd5 Kd7 45. e6+ Kc7 46. a4 1-0

[Event "Mechanics' Spring TNM; 30/90, SD/30"]
[Site "San Francisco"]
[Date "2014.04.22"]
[Round "6.3"]
[White "Manvelyan, Hovik"]
[Black "Doyle, Bryon"]
[Result "0-1"]
[WhiteElo "2030"]
[BlackElo "2064"]
[PlyCount "76"]
[EventDate "2014.??.??"]

1. e4 e5 2. Nc3 Nc6 3. g3 Nf6 4. Bg2 Bc5 5. Na4 Be7 6. Ne2 d6 7. d4 exd4 8.
Nxd4 Bd7 9. Nc3 Qc8 10. h3 Nxd4 11. Qxd4 O-O 12. g4 Re8 13. g5 Nxe4 14. Nxe4 f5
15. b3 c5 16. Qd5+ Be6 17. Qd3 c4 18. Qd4 fxe4 19. Bb2 Bf8 20. b4 a5 21. a3
axb4 22. axb4 Rxa1+ 23. Bxa1 d5 24. Bc3 Qd7 25. h4 Bd6 26. h5 Bf5 27. Qxd5+ Be6
28. Qd4 Bxb4 29. Qe3 Bxc3+ 30. Qxc3 Qb5 31. Qd2 c3 32. Qc1 Bg4 33. Bf1 Qd5 34.
Rh4 Bf3 35. Be2 Rd8 36. Bxf3 exf3 37. Rf4 Re8+ 38. Kf1 Qd2 0-1